00781nam a2200181 a 450000100100000000500170001000800410002704000250006808200160009310000200010924000400012924501930016926001080036230000210047050000280049150400310051970000490055000003720120200930080213.0120301s1972 mx 000 0 spa d aDO-SdBNPbspacBNPHU axxxxbH576n1 aHertz, David B.10aNew power for managementlEspañol10aNuevas técnicas para la dirección de empresas. :bciencias de la administración y sistemas de computación /cDavid Bendel Hertz; traducción Margarita Álvarez Franco Martínez. aMéxico :bCentro Regional de Ayuda Técnica :bAgencia pra el Desarrollo Internacional (AID),c1972. a242 p. ;c22 cm. aTraduccido del inglés aBibliografía : p.231-2361 aÁlvarez Franco Martínez, Margarita,etr.